Algebraická kryptoanalýza šifry GOST

Guardado en:
Detalles Bibliográficos
Autor principal: Čagala, Radoslav, 1988- (Autor)
Otros Autores: Zajac, Pavol, 1980- (Orientador)
Formato: Manuscrito Libro
Lenguaje:eslovaco
Publicado: Bratislava : STU v Bratislave FEI, 2011
Materias:
Acceso en línea:VAIS
Etiquetas: Agregar Etiqueta
Sin Etiquetas, Sea el primero en etiquetar este registro!

MARC

LEADER 00000ntm a22000003a 4500
001 stu230579
005 20150617230137.7
008 110709s2011----xo------------------slo-d
040 |a STU  |b slo 
041 0 |a slo 
044 |a xo 
100 1 |a Čagala, Radoslav,  |d 1988-  |4 aut  |u E  |T FEI Fakulta elektrotechniky a informatiky  |X 35987  |U E  |Y 30  |7 A000035987 
242 0 0 |a Algebraic cryptanalysis of the GOST cipher  |y eng 
245 1 |a Algebraická kryptoanalýza šifry GOST 
260 |a Bratislava :  |b STU v Bratislave FEI,  |c 2011 
300 |a 56 s  |c príl. 
650 7 |a Aplikovaná informatika  |2 stusub 
650 7 |a Applied Infromatics  |2 estusub 
650 7 |a kryptoanalýza  |2 stusub 
700 1 |a Zajac, Pavol,  |d 1980-  |4 ths  |u E050  |U FEI Fakulta elektrotechniky a informatiky  |T FEI Ústav informatiky a matematiky  |X 10218  |U E050  |Y 816  |7 A000010218 
856 4 |a info a plný text  |u http://is.stuba.sk/zp/portal_zp.pl?podrobnosti=71787  |3 VAIS 
996 |b 284EP09892  |c E*DIPL-9892  |l EE35  |s P  |a 0  |w stu230579_0001